000 00825nam a2200265 i 4500
003 DO-SdBNP
005 20250519154925.0
007 ta
008 250519b2015 dr c|||| |||| 00| 0 spa d
020 _a9789945588217
040 _aDO-SdBNP
_bspa
_cBNPHU
_erda
041 _aspa
082 4 _axxx
_bxxx
_222
100 _aCruz Durán, Giovanny,
_d1953-
_eautor
_4aut.
_927168
245 1 0 _aTeatro intenso /
_cGiovanny Cruz
264 4 _aSanto Domingo :
_bMinisterio de Cultura:
_bEditora Nacional,
_c©2015.
300 _a287 páginas :
_bretratos ;
_c23 cm.
336 _atexto
_btxt
_2rdacontent
337 _asin mediación
_bn
_2rdamedia
338 _avolumen
_bnc
_2rdacarrier
500 _aIncluye datos biográficos del autor en las solapas
590 _aInventariado, 2025/BT
910 _aBtavárez
942 _2ddc
_cLBS1
999 _c59057
_d59057